Statistics for Topp 10 mest sålda ölen i Sverige

Click here to take the quiz!

General Stats

  • This quiz has been taken 365 times
  • The average score is 5 of 10

Answer Stats

LiterSvar% Correct
15 119 800,82Norrlands Guld
85%
16 107 840,67Mariestad
71%
10 019 015,08Falcon
59%
5 431 069,07Pripps Blå
55%
5 260 016,52Åbro Original Extra Stark
51%
10 721 311,26Sofiero
37%
5 549 682Sofiero Guld
37%
7 246 536,5Kung
29%
7 620 031,72Fem komma tvåan
18%
5 356 755,5Stockholm Festival
13%

Score Distribution

Percentile by Number Answered

Percent of People with Each Score

Your Score History

You have not taken this quiz